000 00339nam a2200145Ia 4500
008 191201s2004 xx 000 0 und d
082 _a005.74
_bMAD
100 _aMAJUMDAR, Arun K
245 0 _aDatabase Management Systems
250 _a15th
260 _aN.Delhi
_bTMH
_c2004
300 _a475
650 _aB.Tech(CSE)
942 _2ddc
_cBK
999 _c1352
_d1352